00773nam a2200217 a 450000100100000000500170001000800410002702000150006804000250008308200250010810000290013324500870016225000240024926000510027330000340032449000360035849000240039465100550041865100230047383000590049600002444820200930023159.0110127s1977 sp a r 000 0 spa d a8432503568 aDO-SdBNPbspacBNPHU a946.081bF811t, 19771 aFragoso del Toro, Victor10aTriunfan las derechas (marzo 1933-septiembre 1934) : /cVíctor Fragoso del Toro. a4a ed. corr. y aum. aMadrid, (España) :bEditorial Doncel,c1977. a228, [10] p. :ail. ;a18 cm.1 aEl libro de bosillo Doncelv1311 aLa España de ayer 4aEspañaxHistoriaySEGUNDA REPÚBLICA, 1931-1939 4aEspañaxHistoria 0aEl libro de bosillo Doncel,pLa España de ayer;v131